ბათუმის შოთა რუსთაველის სახელმწიფო უნივერსიტეტის ბიბლიოთეკა

უკვდავება. (ბიბ.ჩანაწერი № 42490)

000 -LEADER
fixed length control field 00722nam a2200229Ia 4500
001 - CONTROL NUMBER
control field 9187
003 - CONTROL NUMBER IDENTIFIER
control field GE_BSU
008 - FIXED-LENGTH DATA ELEMENTS--GENERAL INFORMATION
fixed length control field 181216s||||||||xx |||||||||||||| ||und||
040 ## - CATALOGING SOURCE
Transcribing agency GE_BSU
080 ## - UNIVERSAL DECIMAL CLASSIFICATION NUMBER
Universal Decimal Classification number 821.353.1–32
100 ## - MAIN ENTRY--PERSONAL NAME
Personal name ლორთქიფანიძე,კონსტანტინე
245 ## - TITLE STATEMENT
Title უკვდავება.
245 ## - TITLE STATEMENT
Remainder of title მოთხრობები
245 ## - TITLE STATEMENT
Statement of responsibility, etc. გაფორმება ნ.ჩერნიშკოვისა
260 ## - PUBLICATION, DISTRIBUTION, ETC.
Place of publication, distribution, etc. თბილისი
260 ## - PUBLICATION, DISTRIBUTION, ETC.
Name of publisher, distributor, etc. საბლიტგამი
260 ## - PUBLICATION, DISTRIBUTION, ETC.
Date of publication, distribution, etc. 1939
300 ## - PHYSICAL DESCRIPTION
Extent 106გვ.ილ.16სმ.
653 ## - INDEX TERM--UNCONTROLLED
Uncontrolled term მოთხრობები
653 ## - INDEX TERM--UNCONTROLLED
Uncontrolled term უკვდავება.
942 ## - ADDED ENTRY ELEMENTS (KOHA)
Koha item type წიგნი
ეგზემპლარები
Withdrawn status Lost status Damaged status Not for loan Date acquired Barcode Date last seen Price effective from Koha item type
        2018-12-17 32053 2018-12-17 2018-12-17 წიგნი
        2018-12-17 32054 2018-12-17 2018-12-17 წიგნი
        2018-12-17 32055 2018-12-17 2018-12-17 წიგნი
        2018-12-17 32056 2018-12-17 2018-12-17 წიგნი
        2018-12-17 32057 2018-12-17 2018-12-17 წიგნი
        2018-12-17 32058 2018-12-17 2018-12-17 წიგნი
        2018-12-17 32059 2018-12-17 2018-12-17 წიგნი
        2018-12-17 32060 2018-12-17 2018-12-17 წიგნი
        2018-12-17 32061 2018-12-17 2018-12-17 წიგნი
        2018-12-17 32062 2018-12-17 2018-12-17 წიგნი
        2018-12-17 32063 2018-12-17 2018-12-17 წიგნი
        2018-12-17 32065 2018-12-17 2018-12-17 წიგნი